Invisible World (Record no. 183090)
[ view plain ]
| 000 -LEADER | |
|---|---|
| fixed length control field | 00887 a2200169 4500 |
| 003 - CONTROL NUMBER IDENTIFIER | |
| control field | Nust |
| 005 - DATE AND TIME OF LATEST TRANSACTION | |
| control field | 20221017115641.0 |
| 040 ## - CATALOGING SOURCE | |
| Transcribing agency | Nust |
| 082 ## - DEWEY DECIMAL CLASSIFICATION NUMBER | |
| Classification number | 600,CAR |
| 100 ## - MAIN ENTRY--PERSONAL NAME | |
| Personal name | Carrington,Herward |
| 9 (RLIN) | 100412 |
| 245 ## - TITLE STATEMENT | |
| Title | Invisible World |
| Statement of responsibility, etc. | Herward Carrington |
| 260 ## - PUBLICATION, DISTRIBUTION, ETC. | |
| Place of publication, distribution, etc. | New York |
| Name of publisher, distributor, etc. | Rider and Co |
| 300 ## - PHYSICAL DESCRIPTION | |
| Extent | 122:p |
| 505 ## - FORMATTED CONTENTS NOTE | |
| Formatted contents note | The News Spiritual Awaking (Page-7), Haunted Houses (Page-12), Eusapia Pal Ladino (Page-18),The Greatest Mental (Page-27), Laboratory Investigations (Page-34), Trumpet Mediums (Page-42),The intra-Atomic quality (Page-62), Experiments I Should Like Tried (Page-69), Poltergeist Phenomena (Page-72), How Sprit Pitchers (Page-80).Psychic Photographs (Page-84),The Vision and Voices(Page-89).The Problems of the Mind-Body Relations (Page-92), Free Will and Determinism (Page-98).Yoga and Magic (Page-106). |
| 650 ## - SUBJECT ADDED ENTRY--TOPICAL TERM | |
| Topical term or geographic name entry element | Invisible World |
| 9 (RLIN) | 100413 |
| 942 ## - ADDED ENTRY ELEMENTS (KOHA) | |
| Source of classification or shelving scheme | |
| Koha item type | Book |
| Withdrawn status | Lost status | Source of classification or shelving scheme | Damaged status | Not for loan | Permanent Location | Current Location | Shelving location | Date acquired | Full call number | Barcode | Date last seen | Price effective from | Koha item type | Public note |
|---|---|---|---|---|---|---|---|---|---|---|---|---|---|---|
| Military College of Signals (MCS) | Military College of Signals (MCS) | General Stacks | 12/12/2016 | 600,CAR | MCS30207 | 12/08/2016 | 12/12/2016 | Book | Almirah No.26, Shelf No.1 |
